000 00272nam a2200121 i 4500
001 bg
245 0 _aTeoreticeskaja elektrotechnika :
_bWypusk 12.
260 _aLwow,
_c1971.
040 _cBPK
041 _apol
942 _cKS
008 s pl f |000 0 pol
999 _c14487
_d14487
856 _uhttp://koha.tu.koszalin.pl/cgi-bin/koha/opac-detail.pl?biblionumber=14487
_yKatalog online BPK